000 00308 a2200157 4500
001 174114
020 _a
040 _cMagnum
100 _aGóes, Lúcia Pimentel
240 1 0 _aO computador
_lpor
245 1 0 _aO computador
362 0 _a1899
440 1 _aScipione
697 _aI/GERAL
942 _cBK
999 _c174114
_d174114